Shojo, Shonen, Seinen ou Josei ? - Statistiques

Statistiques générales
  • Ce quiz a été pris 28 fois
  • Le résultat moyen est 5 sur 15
Statistiques - réponses
Question Réponse % Correct
Tokyo Ghoul Seinen
73%
Nana Shojo
58%
L'attaque des titans (SnK) Shonen
50%
Death Note Shonen
42%
Blue Box Shonen
42%
Les carnets de l'apothicaire Seinen
38%
Le requiem du roi des roses Shojo
38%
Banana Fish Shojo
31%
Horimiya Shonen
31%
Mirai Nikki Shonen
27%
Les enfants de la baleine Shojo
15%
Blue Flag Shonen
15%
Chihayafuru Josei
12%
Kobato Seinen
12%
Yotsuba&! Seinen
4%
Aucun quiz correspondant
Distribution des résultats
% des personnes avec chaque résultat
Percentile par nombre de réponses
Votre historique - résultats
Vous n’avez pas pris ce quiz